01002nam a2200265Ia 4500001000700000003000500007008004100012010001100053040000900064090001700073100003800090245009800128260004100226300001100267502007600278650003300354901001700387902000600404910000900410942000600419942000600425999001900431952014300450952014300593Z_1901CHAP220113s1996 xx 000 0 und d a164994 cCHAP aTesis A 1117 aArrieta González, Armando97489 aRevisión de las enfermedades de los conejos en México /cpor Armando Arrieta González aChapingo, Méx. :bEl autor,c1996 a118 h. aTesis (Ing. Agr. Esp. en Zootecnia) -- UACH. Departamento de Zootecnia aConejosxEnfermedades926362 aTESIS A 1117 aM a1996 c2 c2 c164994d164994 00102local4051708TESISaZbZd2005-11-09eEl autorl0oTesis A77 1117 1996p5101001701r2022-01-18 00:00:00tEj.1w2022-01-18yTESIS 00102local4055708TESISaZbZd2005-11-09eEl autorl0oTesis A77 1117 1996 p5101001702r2022-01-18 00:00:00tEj.2w2022-01-18yTESIS